000 00812nam a22002657a 4500
001 85131
003 UA-OsUOA
005 20191218112219.0
007 ta
008 20120618b un ||||| |||| 00| 0 ukr d
040 _aUA-OsUOA
_bukr
_cUA-OsUOA
_dUA-OsUOA
041 _aukr
044 _aUA
080 _a94(477)
090 _a94(477)
_bК53
100 _aКниш І.
245 _aВідгуки часу: вибрані нариси, статті, спогади, матеріали
260 _aВінніпег
_bНакладом авторки
_c1972
300 _a404 с.
591 _aродина Лисиків
650 7 _a9 Географія. Біографії. Історія
_2UDC
942 _cBK
_2udc
955 _a2
999 _c371445
_d371445